1941 Geography - Statistics

General Stats
  • This quiz has been taken 186 times
  • The average score is 13 of 20
Answer Stats
Hint Answer % Correct
Liechtenstein borders two nations, Switzerland and this nation Germany
93%
Macau is a territory of this nation. Portugal
81%
Wellington is a city in this country New Zealand
79%
Canada border the United States and this nation United Kingdom
79%
Malta
78%
Name two British islands located in the Mediterranean Cyprus
75%
This is the only independent nation in Western Africa Liberia
73%
This is the only Belgian territory in Africa Congo
71%
Shanghai and Incheon are cities in this nation Japan
70%
This nation, along with Italy, borders the Adriatic Sea Yugoslavia
70%
Bangkok is a major city in this nation Siam
66%
Luzon is an island owned by this nation United States
66%
This nation separates India from the Soviet Union Afghanistan
65%
The island of Rhodes is part of this nation Italy
65%
New Guinea is owned partly by each of these nations Australia
63%
Netherlands
58%
This British territory also borders the territories of Djibouti and East Africa Somalia
45%
This city is located at the easternmost point of the Gulf of Finland Leningrad
43%
The largest region of continuous British territory in Africa starts in Sudan in the North and ends in this territory in the south. Rhodesia
33%
This island is split between Japan and the Soviet Union Sakhalin
33%
No matching quizzes found
Score Distribution
Percent of People with Each Score
Percentile by Number Answered
Your Score History
You have not taken this quiz